000 00343nam a2200145Ia 4500
008 090122s9999 xx 000 0 und d
082 _b8451
_a891.4683
100 _aसानिया
245 _aवलय
600 _aसानिया
630 _aवलय
700 _aसानिया
730 _aवलय
942 _cBOOK
999 _c32528
_d32528